| Tag |
First Indicator |
Second Indicator |
Subfields |
| LEADER |
00000cam a2200000 a 4500 |
| 001 |
in00000015812 |
| 005 |
20151007052616.0 |
| 008 |
861030s1986 cau 00010 eng d |
| 035 |
|
|
|a (OCoLC)14577694
|
| 035 |
|
|
|9 AAA8492AM
|
| 040 |
|
|
|a IUL
|c IUL
|d OCL
|d m/c
|d TXA
|d UtOrBLW
|
| 049 |
|
|
|a TXAM
|c [A12586124]
|
| 050 |
|
4 |
|a Z699.3
|b .M542 1986
|
| 100 |
1 |
|
|a Miller, David C.
|
| 245 |
1 |
4 |
|a The new optical media mid-1986 :
|b a status report ; a special report to Fred Meyer Charitable Trust, Library and Information Resources for the Northwest /
|c by David C. Miller.
|
| 264 |
|
1 |
|a Benicia, CA :
|b DCM Associates,
|c [1986]
|
| 264 |
|
4 |
|c ©1986
|
| 300 |
|
|
|a 38 pages ;
|c 28 cm.
|
| 336 |
|
|
|a text
|b txt
|2 rdacontent
|
| 337 |
|
|
|a unmediated
|b n
|2 rdamedia
|
| 338 |
|
|
|a volume
|b nc
|2 rdacarrier
|
| 500 |
|
|
|a Cover title.
|
| 500 |
|
|
|a "August, 1986."
|
| 650 |
|
0 |
|a Optical storage devices
|x Library applications.
|
| 710 |
2 |
|
|a Fred Meyer Charitable Trust.
|
| 999 |
|
|
|a MARS
|
| 999 |
f |
f |
|s c5e55d5f-2189-369c-9ed7-244d40d3de8b
|i 472bdfcb-e302-3d75-829b-43c47ba4cd8d
|t 0
|
| 952 |
f |
f |
|p ric
|a Texas A&M University
|b Rellis Campus
|c Joint Library Facility
|d Remote Storage
|t 0
|e Z699.3 .M542 1986
|h Library of Congress classification
|i unmediated -- volume
|m A14842715501
|
| 998 |
f |
f |
|a Z699.3 .M542 1986
|t 0
|l Remote Storage
|